000 00663cam a22002172 4500
001 0000002356
005 20151217151851.0
008 070410s xx 000 0 eng d
020 _a00597898 :
_cKES 2,300
040 _aKABU
_cKABU
050 0 _aHF5719
_b.P43
100 1 _aPeck, George.
_@0000151701
245 1 0 _aCrystal reports 10 :
_bthe complete reference.
260 _aNew Delhi :
_bTata McGraw-Hill,
_c2004.
300 _axviii, 940 p.
650 0 _aSeagate Crystal reports.
_@0000151660
650 0 _aBusiness report writing
_xData processing.
_@0000151702
908 _a070410
950 _@1
999 _c5812
_d5812